| 000 | 00549nam a2200181 a 4500 | ||
|---|---|---|---|
| 005 | 20140311163025.0 | ||
| 008 | 080228s19uu xx 00 eng d | ||
| 020 | _a1841122270 | ||
| 050 |
_a HD 30.2 _b.Z84 2002 |
||
| 100 | _aZuckerman, Amy | ||
| 245 | _aManaging technology. / | ||
| 260 |
_aUnited Kingdom : _bCapstone Publishing, _c2002. |
||
| 300 |
_a118 p. : _bill. ; _c15 cm. |
||
| 521 | _aBSBA | ||
| 650 |
_aTechnological innovations _xManagement. |
||
| 650 |
_aIndustries _xTechnological innovations _xManagement. |
||
| 942 |
_cBK _2lcc _kFOR |
||
| 999 |
_c39539 _d39539 |
||